000
00299nam a2200121Ia 4500
008
231120s2020 xx 000 0 und d
041
_a
eng
082
_a
751
100
_a
MARYLIN SCOTT
245
_a
THE SKETCHING AND DRAWING BIBLE
260
_a
SEARCH PRESS
_b
SEARCH PRESS
_c
2020
300
_a
P-192
999
_c
933354
_d
933354